| 000 | 01609nam a2200433 i 4500 | ||
|---|---|---|---|
| 001 | 24328 | ||
| 003 | KOSZ 005 | ||
| 005 | 20200117110055.0 | ||
| 008 | 780505s1978 pl f f |000 0 pol d | ||
| 040 |
_cKOSZ 005 _aKOSZ 005 _dKOSZ 005/HR |
||
| 041 | 0 | _apol | |
| 046 | _k1978 | ||
| 080 | _a621.3 | ||
| 080 | _a(075.8) | ||
| 245 | 0 | 0 |
_aLaboratorium elektrotechniki i elektroniki / _cpod red. W[łodzimierza] Pawliny ; [zespół aut. Piotr Karpowicz et al.]. |
| 260 |
_aKoszalin : _bWydawnictwo Uczelniane WSI, _c1978. |
||
| 300 |
_a361, [1] s. : _brys., wykr. ; _c24 cm. |
||
| 336 |
_2rdacontet _aTekst _btxt |
||
| 337 |
_2rdamedia _aBez urządznia pośedniczącego _bn |
||
| 338 |
_2rdacarrier _aWolumin _bnc |
||
| 380 | _aKsiążki | ||
| 380 | _aPublikacje dydaktyczne | ||
| 385 |
_mPoziom nauczania _aSzkoły wyższe |
||
| 388 | _a1901-2000 | ||
| 388 | _a1945-1989 | ||
| 490 | 1 | _aSkrypty / Wyższa Szkoła Inżynierska w Koszalinie | |
| 504 | _aBibliogr. przy rozdz. | ||
| 521 | _aSkrypt do przedm. Elektrotechnika i Elektronika. | ||
| 650 | 4 | _aElektronika | |
| 650 | 4 | _aElektrotechnika | |
| 655 | _aPodręczniki akademickie | ||
| 658 | _aInżynieria i technika | ||
| 700 | 1 |
_aKarpowicz, Piotr. _eAutor |
|
| 700 | 1 |
_aPawlina, Włodzimierz _eRedakcja |
|
| 710 | 2 |
_aWydawnictwo Uczelniane (Wyższa Szkoła Inżynierska ; Koszalin) _4pbl |
|
| 830 | 0 | _aSkrypty - Wyższa Szkoła Inżynierska w Koszalinie | |
| 856 |
_uhttp://koha.tu.koszalin.pl/cgi-bin/koha/opac-detail.pl?biblionumber=24328 _yKatalog online BPK |
||
| 942 |
_cKS _2UKD |
||
| 999 |
_c24328 _d24328 |
||